Vývoj prezentácie nákladov a výnosov vo výkaze ziskov a strát podnikateľa v SR od r. 1993 po súčasnosť diplomová práca

Saved in:
Bibliographic Details
Main Author: Morongová, Viktória
Corporate Author: Fakulta hospodárskej informatiky EU. Katedra účtovníctva a audítorstva
Other Authors: Šlosárová, Anna
Format: Book
Language:Slovak
Published: Bratislava 2017
Tags: Add Tag
No Tags, Be the first to tag this record!

MARC

LEADER 00000nbm a2200000 4500
001 0233021
005 20180410102327.1
041 0 |a slo 
044 |a SK 
245 1 0 |a Vývoj prezentácie nákladov a výnosov vo výkaze ziskov a strát podnikateľa v SR od r. 1993 po súčasnosť  |b diplomová práca  |c Viktória Morongová ; školiteľ: Anna Šlosárová 
264 1 |a Bratislava  |c 2017 
300 |a 75 s. 
100 1 |a Morongová, Viktória 
700 1 |a Šlosárová, Anna 
710 2 |a Fakulta hospodárskej informatiky EU. Katedra účtovníctva a audítorstva